000 00756nam a2200277Ia 4500
001 17377
005 20240113235758.0
007 ta
008 140826s1936 ii a g b000 u 465 u
040 _aCotton College,Assam
041 _a465
082 _a572
_bL 951 P
100 _aLowie, Robert H. .
245 0 _aPrimitive Religion /
_cRobert H. Lowie.
_hTextual Documents
250 _a1st ed. /
260 _aLondon :
_bGeorge Routledge and Sons, Ltd. ,
_c1936.
300 _axix,346p. :
_bill ;
_c22cm .
504 _aIndex
653 _aAnthropology
653 _aPrimitive Religion
653 _aG-Anthropology
856 _uKept Separetely Record (Damage Book)
942 _2ddc
_cBK
999 _c17359
_d17359